Подробности
| 000 -МАРКЕР |
| контрольное поле |
01133nam0a22002891 4500 |
| 001 - ИДЕНТИФИКАТОР ЗАПИСИ |
| контрольное поле |
rc\2791607 |
| 005 - ИДЕНТИФИКАТОР ВЕРСИИ |
| контрольное поле |
20230530203609.0 |
| 035 ## - ДРУГИЕ СИСТЕМНЫЕ НОМЕРА |
| Идентификатор записи |
(NLR Aleph) 006917717 |
| 100 ## - ДАННЫЕ ОБЩЕЙ ОБРАБОТКИ |
| Данные общей обработки |
20110915d1935 |||y0rusy50 ca |
| 101 1# - ЯЗЫК РЕСУРСА |
| Язык текста, звукозаписи и т.д. |
русский |
| Язык оригинала |
армянский |
| 102 ## - СТРАНА ПУБЛИКАЦИИ ИЛИ ПРОИЗВОДСТВА |
| Страна публикации |
Российская Федерация |
| 105 ## - ПОЛЕ КОДИРОВАННЫХ ДАННЫХ: ТЕКСТОВЫЕ МАТЕРИАЛЫ, МОНОГРАФИЧЕСКИЕ |
| Кодированные данные о монографическом текстовом документе |
ae z |||a| |
| 200 1# - ЗАГЛАВИЕ И СВЕДЕНИЯ ОБ ОТВЕТСТВЕННОСТИ |
| Основное заглавие |
Страна Наири |
| Сведения, относящиеся к заглавию |
Роман |
| Первые сведения об ответственности |
Ег. Чаренц |
| Последующие сведения об ответственности |
Пер. с арм. Я. Хачатрянца |
| -- |
Худож. Мих. Арутчьян |
| -- |
[Предисл.: Виктор Гольцев] |
| 205 ## - СВЕДЕНИЯ ОБ ИЗДАНИИ |
| Сведения об издании |
[3-е изд.] |
| 210 ## - ПУБЛИКАЦИЯ, РАСПРОСТРАНЕНИЕ И ДР. |
| Место издания, распространения и т.д. |
[Москва] |
| Имя издателя, распространителя и т. д. |
Гослитиздат |
| Дата издания, распространения и т.д. |
1935 |
| Имя изготовителя |
17 ф-ка нацкниги треста "Полиграфкнига" |
| 215 ## - ФИЗИЧЕСКАЯ ХАРАКТЕРИСТИКА |
| Специфическое обозначение материала и объем |
Суп.-обл., переплет, 285, [2] с. |
| Другие сведения о физической характеристике |
ил. |
| Размеры |
20х14 см. |
| 700 #1 - ИМЯ ЛИЦА - ПЕРВИЧНАЯ ОТВЕТСТВЕННОСТЬ |
| Начальный элемент ввода |
Чаренц |
| Часть имени, кроме начального элемента ввода |
Е. (Абгарович) |
| Даты |
1879-1937 |
| Расширение инициалов личного имени |
Егише (Абгарович) |
| 702 #1 - ИМЯ ЛИЦА - ВТОРИЧНАЯ ОТВЕТСТВЕННОСТЬ |
| Начальный элемент ввода |
Арутчьян |
| Часть имени, кроме начального элемента ввода |
Мих. |
| Код отношения |
Иллюстратор |
| 702 #1 - ИМЯ ЛИЦА - ВТОРИЧНАЯ ОТВЕТСТВЕННОСТЬ |
| Начальный элемент ввода |
Хачатрянц |
| Часть имени, кроме начального элемента ввода |
Я. |
| Код отношения |
Переводчик |
| 702 #1 - ИМЯ ЛИЦА - ВТОРИЧНАЯ ОТВЕТСТВЕННОСТЬ |
| Начальный элемент ввода |
Гольцев |
| Часть имени, кроме начального элемента ввода |
В. |
| Расширение инициалов личного имени |
Виктор |
| Код отношения |
Автор введения, предисловия, примечания и т.п. |
| 801 #0 - ИСТОЧНИК ЗАПИСИ |
| Страна |
Российская Федерация |
| Организация |
NLR |
| Правила каталогизации |
psbo |
| 801 #1 - ИСТОЧНИК ЗАПИСИ |
| Страна |
Российская Федерация |
| Организация |
ELAR |
| Источник данных |
rusmarc |
| 852 ## - МЕСТОНАХОЖДЕНИЕ И ШИФР ХРАНЕНИЯ |
| Идентификатор организации |
NLR |
| Шифр хранения (Call Number) |
35-3/671 |
| 942 ## - ДОПОЛНИТЕЛЬНЫЕ ЭЛЕМЕНТЫ ЗАПИСИ (АБИС) |
| Тип экземпляра АБИС |
Книга |
| 980 ## - КОЛЛЕКЦИЯ |
| Название коллекции |
Национальная библиография |